000 00709nam a2200229Ia 4500
003 OSt
005 20220923214737.0
006 a|||||r|||| 00| 0
007 ta
008 220922b |||||||| |||| 00| 0 hin d
024 _a172,267
037 _cTextual
040 _aARTS
_cARTS
_bhin
041 _2hin
_ahin
082 _aO152:3N3212:4, L2
100 _aशर्मा, यादवेन्द्र, चन्द्र
_9158326
245 0 _aजनानी ड्योढ़ी
246 _aJanānī ḍyoढ़ī
260 _c1972
942 _hO152:3N3212:4, L2
_cTEXL
_2CC
999 _c326331
_d326331